| 000 | 00748nam a22002417a 4500 | ||
|---|---|---|---|
| 005 | 20250210121959.0 | ||
| 010 | _aENG-143745 | ||
| 020 |
_a9788181716231 _c6530.00 |
||
| 035 | _aEN-127277 | ||
| 037 | _bDBAD | ||
| 082 | _a577.680954 | ||
| 100 |
_aBanerjee, Dhriti _977452 |
||
| 245 |
_aFanual Diverity of 75 Ramsar Wetland of India/ _cby Dhriti Banerjee...[et.al] |
||
| 250 | _a2 | ||
| 260 |
_aKolkata _bZoological Survey of India _c2023 |
||
| 270 |
_aM- Block, New Alipore, _bKolkata _e700053 |
||
| 300 |
_axii,581p. _c30cm(hb) _bill. |
||
| 700 |
_aBharti, Daizy _977453 |
||
| 700 |
_aSantosh Kumar _977454 |
||
| 700 |
_aAmitava Majumder _977455 |
||
| 700 |
_aC. Raghunathan _977456 |
||
| 942 |
_2ddc _cEN _h577.680954 _mBAN |
||
| 999 |
_c208961 _d208961 |
||